000 00327 a2200157 4500
001 180964
020 _a
040 _cMagnum
100 _aPalombo, Sergio
240 1 0 _aDeus pertinho/5 serie
_lpor
245 1 0 _aDeus pertinho/5 serie
362 0 _a1899
440 1 _aÁtica
697 _aMAGNITO: RELIGIAO
942 _cBK
999 _c180964
_d180964